<?xml version="1.0" encoding="UTF-8"?>
<record
    xmlns:xsi="http://www.w3.org/2001/XMLSchema-instance"
    xsi:schemaLocation="http://www.loc.gov/MARC21/slim http://www.loc.gov/standards/marcxml/schema/MARC21slim.xsd"
    xmlns="http://www.loc.gov/MARC21/slim">

  <leader>02503nam a22003617a 4500</leader>
  <controlfield tag="001">18605617</controlfield>
  <controlfield tag="005">20230317123402.0</controlfield>
  <controlfield tag="008">230317b        |||||||| |||| 00| 0 eng d</controlfield>
  <datafield tag="010" ind1=" " ind2=" ">
    <subfield code="a">  2015940508</subfield>
  </datafield>
  <datafield tag="020" ind1=" " ind2=" ">
    <subfield code="a">9780124115187 (hbk)</subfield>
  </datafield>
  <datafield tag="020" ind1=" " ind2=" ">
    <subfield code="a">0124115187 (hbk)</subfield>
  </datafield>
  <datafield tag="035" ind1=" " ind2=" ">
    <subfield code="a">(OCoLC)ocn909330024</subfield>
  </datafield>
  <datafield tag="040" ind1=" " ind2=" ">
    <subfield code="a">BTCTA</subfield>
    <subfield code="b">eng</subfield>
    <subfield code="c">KMU</subfield>
    <subfield code="e">rda</subfield>
    <subfield code="d">YDXCP</subfield>
    <subfield code="d">CDX</subfield>
    <subfield code="d">LTSCA</subfield>
    <subfield code="d">OCLCF</subfield>
    <subfield code="d">COD</subfield>
    <subfield code="d">BDX</subfield>
    <subfield code="d">DLC</subfield>
  </datafield>
  <datafield tag="042" ind1=" " ind2=" ">
    <subfield code="a">lccopycat</subfield>
  </datafield>
  <datafield tag="050" ind1="0" ind2="0">
    <subfield code="a">QD 262</subfield>
    <subfield code="b">.O72464 2016</subfield>
  </datafield>
  <datafield tag="245" ind1="0" ind2="0">
    <subfield code="a">Organic synthesis using biocatalysis /</subfield>
    <subfield code="c">edited by Animesh Goswami, Jon D. Stewart.</subfield>
  </datafield>
  <datafield tag="264" ind1=" " ind2="1">
    <subfield code="a">Amsterdam :</subfield>
    <subfield code="b">Elsevier,</subfield>
    <subfield code="c">[2016]</subfield>
  </datafield>
  <datafield tag="300" ind1=" " ind2=" ">
    <subfield code="a">viii, 430 pages :</subfield>
    <subfield code="b">illustrations (some color) ;</subfield>
    <subfield code="c">25 cm</subfield>
  </datafield>
  <datafield tag="336" ind1=" " ind2=" ">
    <subfield code="a">text</subfield>
    <subfield code="b">txt</subfield>
    <subfield code="2">rdacontent</subfield>
  </datafield>
  <datafield tag="337" ind1=" " ind2=" ">
    <subfield code="a">unmediated</subfield>
    <subfield code="b">n</subfield>
    <subfield code="2">rdamedia</subfield>
  </datafield>
  <datafield tag="338" ind1=" " ind2=" ">
    <subfield code="a">volume</subfield>
    <subfield code="b">nc</subfield>
    <subfield code="2">rdacarrier</subfield>
  </datafield>
  <datafield tag="504" ind1=" " ind2=" ">
    <subfield code="a">Includes bibliographical references and index.</subfield>
  </datafield>
  <datafield tag="505" ind1="0" ind2="0">
    <subfield code="t">Introduction, Types of Reactions, and Sources of Biocatalysts /</subfield>
    <subfield code="r">Animesh Goswami, Jon D. Stewart --</subfield>
    <subfield code="t">Practical and Engineering Aspects of Running Enzyme Reactions /</subfield>
    <subfield code="r">Harald Gr&#xF6;ger --</subfield>
    <subfield code="t">Biocatalysis in Organic Solvents, Supercritical Fluids and Ionic Liquids /</subfield>
    <subfield code="r">Chen Cao, Tomoko Matsuda --</subfield>
    <subfield code="t">Enzyme Immobilization for Organic Synthesis /</subfield>
    <subfield code="r">Melissa L. E. Gutarra, Leandro S. M. Miranda, Rodrigo O. M. A. de Souza --</subfield>
    <subfield code="t">Hydrolysis and Formation of Carboxylic Acid and Alcohol Derivatives /</subfield>
    <subfield code="r">Romas Kazlauskas --</subfield>
    <subfield code="t">Modern Biocatalytic Ketone Reduction /</subfield>
    <subfield code="r">Thomas S. Moody, J. David Rozzell --</subfield>
    <subfield code="t">Organic Synthesis with Amino Acid Dehydrogenases, Transaminases, Amine Oxidases, and Amine Dehydrogenases /</subfield>
    <subfield code="r">Samantha K. Au (and 3 others) --</subfield>
    <subfield code="t">Biocatalysis for Organic Chemists: Hydroxylations /</subfield>
    <subfield code="r">Laila Roper, Gideon Grogan --</subfield>
    <subfield code="t">Miscellaneous Key Non-C-C Bond Forming Enzyme Reactions /</subfield>
    <subfield code="r">Florian Rudroff, Michael J. Fink, Marko D. Mihovilovic --</subfield>
    <subfield code="t">Enzymatic C-C Bond Formation /</subfield>
    <subfield code="r">Pere Clap&#xE9;s --</subfield>
    <subfield code="t">Applications of Biocatalysis for Pharmaceuticals and Chemicals /</subfield>
    <subfield code="r">Ramesh N. Patel --</subfield>
    <subfield code="t">Future of Biocatalysis in the Synthesis of Organic Compounds /</subfield>
    <subfield code="r">Animesh Goswami, Jon D. Stewart.</subfield>
  </datafield>
  <datafield tag="650" ind1=" " ind2="0">
    <subfield code="a">Organic compounds</subfield>
    <subfield code="x">Synthesis.</subfield>
  </datafield>
  <datafield tag="650" ind1=" " ind2="0">
    <subfield code="a">Biocatalysis.</subfield>
  </datafield>
  <datafield tag="650" ind1=" " ind2="7">
    <subfield code="a">Biocatalysis.</subfield>
    <subfield code="2">fast</subfield>
    <subfield code="0">(OCoLC)fst01896571</subfield>
  </datafield>
  <datafield tag="650" ind1=" " ind2="7">
    <subfield code="a">Organic compounds</subfield>
    <subfield code="x">Synthesis.</subfield>
    <subfield code="2">fast</subfield>
    <subfield code="0">(OCoLC)fst01047668</subfield>
  </datafield>
  <datafield tag="700" ind1="1" ind2=" ">
    <subfield code="a">Goswami, Animesh,</subfield>
    <subfield code="e">editor.</subfield>
  </datafield>
  <datafield tag="700" ind1="1" ind2=" ">
    <subfield code="a">Stewart, Jon D.,</subfield>
    <subfield code="e">editor.</subfield>
  </datafield>
  <datafield tag="906" ind1=" " ind2=" ">
    <subfield code="a">7</subfield>
    <subfield code="b">cbc</subfield>
    <subfield code="c">copycat</subfield>
    <subfield code="d">2</subfield>
    <subfield code="e">ncip</subfield>
    <subfield code="f">20</subfield>
    <subfield code="g">y-gencatlg</subfield>
  </datafield>
  <datafield tag="942" ind1=" " ind2=" ">
    <subfield code="2">lcc</subfield>
    <subfield code="c">BK</subfield>
    <subfield code="n">0</subfield>
  </datafield>
  <datafield tag="999" ind1=" " ind2=" ">
    <subfield code="c">245</subfield>
    <subfield code="d">245</subfield>
  </datafield>
  <datafield tag="952" ind1=" " ind2=" ">
    <subfield code="0">0</subfield>
    <subfield code="1">0</subfield>
    <subfield code="2">lcc</subfield>
    <subfield code="4">0</subfield>
    <subfield code="7">0</subfield>
    <subfield code="8">NFIC</subfield>
    <subfield code="a">CPL</subfield>
    <subfield code="b">CPL</subfield>
    <subfield code="c">OA</subfield>
    <subfield code="d">2023-03-17</subfield>
    <subfield code="e">Book International Aid</subfield>
    <subfield code="l">1</subfield>
    <subfield code="o">QD 262 Org 2016</subfield>
    <subfield code="p">749217</subfield>
    <subfield code="r">2023-04-03 00:00:00</subfield>
    <subfield code="s">2023-03-17</subfield>
    <subfield code="w">2023-03-17</subfield>
    <subfield code="y">BK</subfield>
  </datafield>
  <datafield tag="952" ind1=" " ind2=" ">
    <subfield code="0">0</subfield>
    <subfield code="1">0</subfield>
    <subfield code="2">lcc</subfield>
    <subfield code="4">0</subfield>
    <subfield code="7">0</subfield>
    <subfield code="8">NFIC</subfield>
    <subfield code="a">CPL</subfield>
    <subfield code="b">CPL</subfield>
    <subfield code="c">OA</subfield>
    <subfield code="d">2023-03-17</subfield>
    <subfield code="e">Book International Aid</subfield>
    <subfield code="l">0</subfield>
    <subfield code="o">QD 262 Org 2016</subfield>
    <subfield code="p">749215</subfield>
    <subfield code="r">2023-03-17 00:00:00</subfield>
    <subfield code="w">2023-03-17</subfield>
    <subfield code="y">BK</subfield>
  </datafield>
  <datafield tag="952" ind1=" " ind2=" ">
    <subfield code="0">0</subfield>
    <subfield code="1">0</subfield>
    <subfield code="2">lcc</subfield>
    <subfield code="4">0</subfield>
    <subfield code="7">0</subfield>
    <subfield code="8">NFIC</subfield>
    <subfield code="a">CPL</subfield>
    <subfield code="b">CPL</subfield>
    <subfield code="c">OA</subfield>
    <subfield code="d">2023-03-17</subfield>
    <subfield code="e">Book International Aid</subfield>
    <subfield code="l">0</subfield>
    <subfield code="o">QD 262 Org 2016</subfield>
    <subfield code="p">749216</subfield>
    <subfield code="r">2023-03-17 00:00:00</subfield>
    <subfield code="w">2023-03-17</subfield>
    <subfield code="y">BK</subfield>
  </datafield>
</record>
